1075 1932 1017 1120 1435 1382 1606 1999 1330 1095 1040 1875 1278 1795 1677 1892 1120 1096 1879 1203 1986 1853 1849 1783 1270 1278 1049 1302 1770 1247 1684 1198 1962 1944 1512 1154 1733 1089 1859 1761 1751 1439 1192 1127 1837 1408 1514 1325 1902 1315 1416 1911 1478 1732 1872 1466 1532 1422 1646 1687 1925 1003 1702 1914 1598 1016 1700 1164 1927 1516 1389 1420 1887 1645 1392 1015 1427 1756 1349 1733 1900 1962 1677 1778 1022 1402 1275 1332 1666 1695 1309 1375 1730 1866 1801 1025 1347 1299 1114 BCNSPRNW ULIB Ver.6.0+V

เปลี่ยนเป็นภาษาไทย

Change to English
 แสดงรายละเอียดบรรณานุกรม
  กลับหน้าหลัก

Brief Record : Get Marc (ISO 2709) : E-mail record : QR code < ปิดหน้าต่าง
LEADER : 00000nam 2200000uu 4500
001    13399124604
003     ULIB
008    151019s2554||||th 000 0 tha d
020    9789747539998
050  4 PN4129^bท317ก
100 1  ทองสุข มันตาทร
245 10 การนำเสนอด้วยวาจา(แบบสั้น) /^cทองสุข มันตาทร
250    พิมพ์ครั้งที่ 1
260    กรุงเทพฯ :^bเพ็ญพรินติ้ง,^c2554
300    169 หน้า ;^c20.5 ซม.
650  7 การนำเสนอ
650  7 การพูด^xนำเสนอ
945    ^p150^l0^i23246
995    ทศพร
999    ^aใช้งานได้ทุกระบบ
รายการนี้ยังไม่มีแท็ก
คุณยังไม่ได้ล็อกอิน คุณสามารถมีกิจกรรมร่วมกับเว็บไซต์ได้ แต่ต้องล็อกอินก่อน ::
  ล็อกอิน

รายการสื่อสารสนเทศ

ลำดับที่ ประเภท เลขเรียก/บาร์โค้ด สถานที่ สถานะ
1. การศึกษาทั่วไป
การศึกษาทั่วไป
PN4129 ท317ก ฉ.1 
  Barcode: 23246
ห้องสมุดวิทยาเขตนครสวรรค์
►หนังสือทั่วไป:l:General Books
บนชั้น

รายการใกล้เคียง
    ผู้แต่ง [ทองสุข มันตาทร]

    หัวเรื่อง [การนำเสนอ]

BibComment


ยังไม่เคยถูกคอมเมนท์

คอมเมนท์ทรัพยากรรายการนี้
  คอมเมนท์: การนำเสนอด้วยวาจา..


 Copyright 2026. Bcnsprnw @Library